| 000 | 01283nam a22002775i 4500 | ||
|---|---|---|---|
| 999 |
_c28212 _d28183 |
||
| 003 | EG-ScBUE | ||
| 005 | 20200304100253.0 | ||
| 008 | 200219s2013 ua f b 000 0 ara d | ||
| 040 |
_aEG-ScBUE _bara _erda _cEG-ScBUE _dEG-ScBUE |
||
| 082 | 0 | 4 |
_a345.052028567 _bس ا ل _222 |
| 100 | 1 |
_aسالم، عمر، _eمؤلف. |
|
| 245 | 1 | 0 |
_aمظاهر استخدام التكنولوجيا الحديثة في مجال القانون الجنائي : _bالمراقبة الإلكترونية والتحقيق الجنائي عن بعد / _cالدكتور عمر سالم، أستاذ القانون الجنائي، كلية الحقوق، جامعة القاهرة. |
| 250 | _aالطبعة الأولى. | ||
| 264 | 1 |
_aالقاهرة : _bدار النهضة العربية، _c2013. |
|
| 300 |
_a220 صفحة ؛ _c24 سم |
||
| 336 |
_aنص _btxt _2rdacontent |
||
| 337 |
_aبدون وسيط _bn _2rdamedia |
||
| 338 |
_aمجلد _bnc _2rdacarrier |
||
| 504 | _aيشتمل على إرجاعات ببليوجرافية. | ||
| 541 | _aBook Fair, 2020 | ||
| 650 | 7 |
_a التحقيق الجنائي _xمعالجة بيانات. _2BUEsh |
|
| 650 | 7 |
_aالمحاكمات الجنائية _xمعالجة بيانات. _2BUEsh |
|
| 651 | _2BUEsh | ||
| 653 |
_bLLAAWW _cMarch2020 |
||
| 942 | _2ddc | ||